000 00670cab a2200205 4500
001 ABS43042
008 090401t1990 xxu||||| |||| 00| 0 eng d
035 _a(Sirsi) u40134
041 _aeng
245 _aCentrefolio : M25 southeast , Bromley , Dartford , Bexleyheath , Sidcup and Eltham
260 _c1990
350 _a0
490 _aChartered Surveyor Weekly
_v32(3) 19 July 1990 40-57(9)
520 _aReviews office , retail and industrial development and transport links in these Kent towns.
650 _aDARTFORD BRIDGE
650 _aSWANLEY
690 _aPROPERTY-COMMERCIAL PROPERTY-COMMERCIAL PROPERTY MARKET
942 _n0
948 _c04/03/1997
999 _c25709
_d25709